Nursing Today : (Record no. 16457)
[ view plain ]
| 000 -LEADER | |
|---|---|
| fixed length control field | 02216cam a22003134a 4500 |
| 001 - CONTROL NUMBER | |
| control field | 16645702 |
| 005 - DATE AND TIME OF LATEST TRANSACTION | |
| control field | 20110616152845.0 |
| 008 - FIXED-LENGTH DATA ELEMENTS--GENERAL INFORMATION | |
| fixed length control field | 110208s2011 moua b 001 0 eng |
| 020 ## - INTERNATIONAL STANDARD BOOK NUMBER | |
| International Standard Book Number | 9781437725674 (pbk. : alk. paper) |
| 035 ## - SYSTEM CONTROL NUMBER | |
| System control number | (DNLM)101553624 |
| 040 ## - CATALOGING SOURCE | |
| Original cataloging agency | DNLM/DLC |
| Transcribing agency | DLC |
| 082 00 - DEWEY DECIMAL CLASSIFICATION NUMBER | |
| Classification number | 610.73069 |
| Edition number | 22 |
| Item number | NUR |
| 245 00 - TITLE STATEMENT | |
| Title | Nursing Today : |
| Remainder of title | transition and trends / |
| Statement of responsibility, etc | [edtied by] JoAnn Zerwekh, Ashley Zerwekh Garneau. |
| 250 ## - EDITION STATEMENT | |
| Edition statement | 7th ed. |
| 260 ## - PUBLICATION, DISTRIBUTION, ETC. (IMPRINT) | |
| Place of publication, distribution, etc | St. Louis : |
| Name of publisher, distributor, etc | Saunders, |
| Date of publication, distribution, etc | c2011. |
| 300 ## - PHYSICAL DESCRIPTION | |
| Extent | xxix, 608 p. : |
| Other physical details | col. ill. ; |
| Dimensions | 24 cm. |
| 504 ## - BIBLIOGRAPHY, ETC. NOTE | |
| Bibliography, etc | Includes bibliographical references and index. |
| 505 0# - FORMATTED CONTENTS NOTE | |
| Formatted contents note | Role transitions -- Personal management: time and self-care strategies -- Mentorship and preceptorship -- Employment considerations : opportunities, resumes, and interviewing -- NCLEX-RN(r) examination and the new graduate -- Historical perspectives : influences on the present -- Nursing education -- Nursing theory -- Image of nursing : influences of the present -- Challenges of nursing management and leadership -- Building nursing management skills -- Effective communication and team building -- Conflict management -- Delegation in the clinical setting -- The health care organization and patterns of nursing care delivery -- Economics of the health care delivery system -- Political action in nursing -- Collective bargaining : traditional (union) and nontraditional approaches -- Ethical issues -- Legal issues -- Cultural and spiritual awareness -- Quality patient care -- Nursing informatics -- Using nursing research in practice -- Workplace issues -- Emergency preparedness. |
| 650 #0 - SUBJECT ADDED ENTRY--TOPICAL TERM | |
| Topical term or geographic name as entry element | Nursing |
| General subdivision | Vocational guidance. |
| 9 (RLIN) | 28874 |
| 650 #0 - SUBJECT ADDED ENTRY--TOPICAL TERM | |
| Topical term or geographic name as entry element | Nursing |
| General subdivision | Social aspects. |
| 9 (RLIN) | 28875 |
| 650 12 - SUBJECT ADDED ENTRY--TOPICAL TERM | |
| Topical term or geographic name as entry element | Nursing. |
| 9 (RLIN) | 28876 |
| 650 22 - SUBJECT ADDED ENTRY--TOPICAL TERM | |
| Topical term or geographic name as entry element | Vocational Guidance. |
| 9 (RLIN) | 28877 |
| 653 ## - INDEX TERM--UNCONTROLLED | |
| Resource For college | |
| Arrived date list | February2012 |
| 700 1# - ADDED ENTRY--PERSONAL NAME | |
| Personal name | Zerwekh, JoAnn Graham. |
| 9 (RLIN) | 28878 |
| 700 1# - ADDED ENTRY--PERSONAL NAME | |
| Personal name | Garneau, Ashley Zerwekh. |
| 9 (RLIN) | 28879 |
| 942 ## - ADDED ENTRY ELEMENTS (KOHA) | |
| Source of classification or shelving scheme | Dewey Decimal Classification |
| Item type | |
| Withdrawn status | Item status | Source of classification or shelving scheme | Damaged status | Not for loan | Vendor | Home library | Current library | Shelving location | Date acquired | Source of acquisition | Cost, normal purchase price | Serial Enumeration / chronology | Total Checkouts | Total Renewals | Full call number | Barcode | Date last seen | Date last borrowed | Koha item type |
|---|---|---|---|---|---|---|---|---|---|---|---|---|---|---|---|---|---|---|---|
| Dewey Decimal Classification | Alahram | Central Library | Central Library | First floor | 13/02/2012 | 393.00 | 680 | 5 | 7 | 610.73069 NUR | 000026108 | 15/07/2025 | 09/03/2023 | Book - Borrowing |